000 00552nam a2200181Ia 4500
008 100920s9999 xx 000 0 und d
082 _b38898
_a28 व 891 थ 76
100 _aदेशपांडे कृ.पं.
245 _aचैत्र.
260 _bनूतन प्रकाशन, पुणे.
_c1976
300 _a45
_bसाधी
365 _b2.5
520 _aबा.वि.लघुकथा.
630 _aचैत्र.
650 _aबा.वि.लघुकथा.
730 _aचैत्र.
942 _cBOOK
999 _c690801
_d690798